000 002390000a22000970004500
100 1 _aGilliand, Dean S.
245 1 0 _aRelief organization as prophetic movements
300 _aNúm 9 (1985), Páginas 29-31
773 0 _tTogether
942 _cANA
999 _c56956
_d56956